[Event "2017 O2C Doeberl Cup"]
[Site "Canberra Australia"]
[Date "2017.04.13"]
[Round "1.2"]
[White "Krasenkow, Michal"]
[Black "Yang, Ray"]
[Result "1-0"]
[LiveChessVersion "1.4.4"]
[BlackElo "2038"]
[WhiteElo "2620"]

1. Nf3 {[%clk 1:30:57]} Nf6 {[%clk 1:30:48]} 2. c4 {[%clk 1:31:17]} g6
{[%clk 1:31:09]} 3. Nc3 {[%clk 1:31:40]} d5 {[%clk 1:31:28]} 4. cxd5
{[%clk 1:29:10]} Nxd5 {[%clk 1:31:42]} 5. Qc2 {[%clk 1:26:03]} Nc6
{[%clk 1:31:38]} 6. e3 {[%clk 1:26:06]} Bg7 {[%clk 1:23:54]} 7. a3
{[%clk 1:18:40]} O-O {[%clk 1:22:05]} 8. Be2 {[%clk 1:17:50]} e5 {[%clk 1:17:02]}
9. O-O {[%clk 1:17:59]} a6 {[%clk 1:10:25]} 10. d3 {[%clk 1:15:40]} Be6
{[%clk 1:08:37]} 11. Ne4 {[%clk 1:15:42]} Nde7 {[%clk 1:02:53]} 12. b4
{[%clk 1:13:55]} Bd5 {[%clk 0:56:44]} 13. Bb2 {[%clk 1:13:51]} f5
{[%clk 0:52:53]} 14. Ned2 {[%clk 1:09:04]} b5 {[%clk 0:45:56]} 15. Nb3
{[%clk 1:03:49]} e4 {[%clk 0:34:24]} 16. dxe4 {[%clk 1:03:05]} Bxe4
{[%clk 0:34:45]} 17. Qc1 {[%clk 1:03:26]} Bxb2 {[%clk 0:31:08]} 18. Qxb2
{[%clk 1:03:47]} Nd5 {[%clk 0:27:26]} 19. Nc5 {[%clk 1:02:15]} Qf6
{[%clk 0:24:35]} 20. Qb3 {[%clk 1:01:33]} Qc3 {[%clk 0:24:00]} 21. Qa2
{[%clk 1:01:45]} Kh8 {[%clk 0:16:17]} 22. Rac1 {[%clk 1:00:29]} Qf6
{[%clk 0:13:02]} 23. Nxe4 {[%clk 1:00:34]} fxe4 {[%clk 0:13:20]} 24. Qxd5
{[%clk 1:01:00]} exf3 {[%clk 0:13:35]} 25. Rxc6 {[%clk 1:00:57]} Qg7
{[%clk 0:10:59]} 26. Bxf3 {[%clk 1:00:44]} Rad8 {[%clk 0:11:13]} 27. Qc5
{[%clk 1:01:02]} Rf5 {[%clk 0:09:39]} 28. Qc3 {[%clk 1:01:15]} 1-0

[Event "2017 O2C Doeberl Cup"]
[Site "Canberra Australia"]
[Date "2017.04.13"]
[Round "1.3"]
[White "Litchfield, Frederick"]
[Black "Heberla, Bartlomiej"]
[Result "1/2-1/2"]
[LiveChessVersion "1.4.4"]
[BlackElo "2580"]
[WhiteElo "2037"]

1. d4 {[%clk 1:30:56]} Nf6 {[%clk 1:30:31]} 2. c4 {[%clk 1:31:19]} e6
{[%clk 1:28:19]} 3. e3 {[%clk 1:30:24]} d5 {[%clk 1:26:44]} 4. Nf3
{[%clk 1:30:41]} a6 {[%clk 1:26:58]} 5. Nc3 {[%clk 1:25:38]} dxc4
{[%clk 1:27:08]} 6. a4 {[%clk 1:25:16]} b6 {[%clk 1:26:21]} 7. Bxc4
{[%clk 1:25:30]} Bb7 {[%clk 1:26:45]} 8. O-O {[%clk 1:25:45]} Nbd7
{[%clk 1:27:05]} 9. Qe2 {[%clk 1:24:38]} Bb4 {[%clk 1:26:55]} 10. Rd1
{[%clk 1:23:29]} O-O {[%clk 1:25:03]} 11. Ne5 {[%clk 1:21:09]} Nd5
{[%clk 1:14:16]} 12. Na2 {[%clk 1:09:17]} Bd6 {[%clk 1:05:50]} 13. e4
{[%clk 1:08:06]} Nb4 {[%clk 1:03:36]} 14. Nxb4 {[%clk 1:04:46]} Bxb4
{[%clk 1:03:53]} 15. Nd3 {[%clk 1:01:11]} Be7 {[%clk 1:00:27]} 16. f3
{[%clk 0:59:03]} Bg5 {[%clk 0:52:16]} 17. Be3 {[%clk 0:49:54]} Bxe3+
{[%clk 0:52:33]} 18. Qxe3 {[%clk 0:50:19]} a5 {[%clk 0:51:02]} 19. Rac1
{[%clk 0:50:02]} Rc8 {[%clk 0:49:52]} 20. Nf4 {[%clk 0:45:17]} Qe7
{[%clk 0:46:17]} 21. e5 {[%clk 0:43:00]} Rfe8 {[%clk 0:39:36]} 22. Re1
{[%clk 0:39:54]} Nf8 {[%clk 0:23:56]} 23. d5 {[%clk 0:31:03]} exd5
{[%clk 0:24:19]} 24. Bxd5 {[%clk 0:27:17]} Bxd5 {[%clk 0:24:15]} 25. Nxd5
{[%clk 0:27:42]} Qd7 {[%clk 0:24:40]} 26. Qe4 {[%clk 0:20:27]} Red8
{[%clk 0:09:24]} 27. Red1 {[%clk 0:20:23]} Qe8 {[%clk 0:09:35]} 28. f4
{[%clk 0:17:30]} Rd7 {[%clk 0:06:57]} 29. Rd3 {[%clk 0:09:48]} Qd8
{[%clk 0:02:41]} 30. Rcd1 {[%clk 0:09:54]} c6 {[%clk 0:01:47]} 31. Ne3
{[%clk 0:10:00]} Rxd3 {[%clk 0:01:56]} 32. Rxd3 {[%clk 0:10:23]} Qe7
{[%clk 0:02:21]} 33. Rd6 {[%clk 0:08:29]} Ne6 {[%clk 0:01:12]} 34. g3
{[%clk 0:07:23]} Nc5 {[%clk 0:00:52]} 35. Qd4 {[%clk 0:06:02]} g6
{[%clk 0:00:57]} 36. Ng4 {[%clk 0:05:55]} Nb7 {[%clk 0:00:42]} 37. Nf6+
{[%clk 0:03:14]} Kg7 {[%clk 0:00:51]} 38. Ne4 {[%clk 0:02:05]} Rd8
{[%clk 0:00:34]} 39. e6+ {[%clk 0:01:52]} f6 {[%clk 0:01:02]} 40. Rd7
{[%clk 0:01:07]} Rxd7 {[%clk 0:01:13]} 41. exd7 {[%clk 0:01:28]} Qe6
{[%clk 0:23:02]} 42. Ng5 {[%clk 0:23:59]} Qe1+ {[%clk 0:08:57]} 43. Kg2
{[%clk 0:24:23]} 1/2-1/2

[Event "2017 O2C Doeberl Cup"]
[Site "Canberra Australia"]
[Date "2017.04.13"]
[Round "1.4"]
[White "Zhao, Zong-Yuan"]
[Black "Broekhuyse, Paul"]
[Result "1-0"]
[LiveChessVersion "1.4.4"]
[BlackElo "2035"]
[WhiteElo "2539"]

1. d4 {[%clk 1:30:13]} d5 {[%clk 1:30:46]} 2. c4 {[%clk 1:30:39]} e6
{[%clk 1:31:12]} 3. Nf3 {[%clk 1:31:06]} Nf6 {[%clk 1:31:33]} 4. g3
{[%clk 1:31:29]} Be7 {[%clk 1:31:14]} 5. Bg2 {[%clk 1:31:52]} O-O
{[%clk 1:31:36]} 6. O-O {[%clk 1:32:16]} Nbd7 {[%clk 1:31:25]} 7. Qc2
{[%clk 1:32:22]} c6 {[%clk 1:30:44]} 8. Nbd2 {[%clk 1:31:02]} b6 {[%clk 1:28:40]}
9. e4 {[%clk 1:31:15]} dxe4 {[%clk 1:28:24]} 10. Nxe4 {[%clk 1:31:08]} Nxe4
{[%clk 1:28:10]} 11. Qxe4 {[%clk 1:31:34]} Bb7 {[%clk 1:27:02]} 12. Rd1
{[%clk 1:31:09]} Qc8 {[%clk 1:25:22]} 13. Qe2 {[%clk 1:28:36]} Re8
{[%clk 1:20:38]} 14. Bf4 {[%clk 1:20:43]} Bf6 {[%clk 1:13:42]} 15. c5
{[%clk 1:08:00]} bxc5 {[%clk 1:11:12]} 16. dxc5 {[%clk 1:07:58]} Nxc5
{[%clk 1:09:00]} 17. Rac1 {[%clk 1:07:56]} Nd7 {[%clk 1:08:41]} 18. b4
{[%clk 1:07:57]} Nb6 {[%clk 1:05:50]} 19. b5 {[%clk 0:58:40]} c5 {[%clk 0:56:58]}
20. Bd6 {[%clk 0:48:48]} c4 {[%clk 0:55:20]} 21. Nd2 {[%clk 0:37:36]} Bb2
{[%clk 0:34:06]} 22. Rc2 {[%clk 0:35:23]} c3 {[%clk 0:34:05]} 23. Bxb7
{[%clk 0:25:48]} Qxb7 {[%clk 0:33:10]} 24. Be5 {[%clk 0:26:16]} Nd5
{[%clk 0:31:22]} 25. Ne4 {[%clk 0:25:24]} f6 {[%clk 0:27:45]} 26. Bxc3
{[%clk 0:25:05]} Nxc3 {[%clk 0:27:02]} 27. Nxc3 {[%clk 0:25:30]} Bxc3
{[%clk 0:27:01]} 28. Rxc3 {[%clk 0:25:59]} Rac8 {[%clk 0:25:00]} 29. Rdc1
{[%clk 0:18:53]} Rxc3 {[%clk 0:23:07]} 30. Rxc3 {[%clk 0:19:10]} Re7
{[%clk 0:21:29]} 31. Rc6 {[%clk 0:19:09]} Qd7 {[%clk 0:20:47]} 32. Qe4
{[%clk 0:06:44]} g6 {[%clk 0:19:26]} 33. a4 {[%clk 0:06:58]} Kg7 {[%clk 0:19:08]}
34. Kg2 {[%clk 0:05:15]} e5 {[%clk 0:19:24]} 35. a5 {[%clk 0:03:29]} f5
{[%clk 0:19:40]} 36. Qc4 {[%clk 0:03:35]} e4 {[%clk 0:19:34]} 37. b6
{[%clk 0:03:07]} axb6 {[%clk 0:19:42]} 38. axb6 {[%clk 0:03:36]} Qd1
{[%clk 0:18:40]} 39. Qc3+ {[%clk 0:03:46]} Kh6 {[%clk 0:18:29]} 40. Qe3+
{[%clk 0:02:03]} Kg7 {[%clk 0:17:35]} 41. Qc3+ {[%clk 0:02:23]} Kh6
{[%clk 0:17:48]} 42. Rc7 {[%clk 0:02:30]} Rd7 {[%clk 0:17:01]} 43. Rxd7
{[%clk 0:01:23]} Qxd7 {[%clk 0:17:13]} 44. Qc1+ {[%clk 0:01:37]} 1-0

[Event "2017 O2C Doeberl Cup"]
[Site "Canberra Australia"]
[Date "2017.04.13"]
[Round "1.5"]
[White "Ly, Moulthun"]
[Black "Winkelman, Albert"]
[Result "1-0"]
[LiveChessVersion "1.4.4"]
[BlackElo "2027"]
[WhiteElo "2486"]

1. e4 {[%clk 1:30:55]} e5 {[%clk 1:30:56]} 2. Nf3 {[%clk 1:31:17]} Nc6
{[%clk 1:31:21]} 3. Bb5 {[%clk 1:31:41]} a6 {[%clk 1:31:43]} 4. Ba4
{[%clk 1:32:05]} Nf6 {[%clk 1:32:06]} 5. O-O {[%clk 1:32:27]} Be7
{[%clk 1:32:31]} 6. d3 {[%clk 1:32:03]} b5 {[%clk 1:32:47]} 7. Bb3
{[%clk 1:32:28]} O-O {[%clk 1:32:59]} 8. Nc3 {[%clk 1:32:46]} d6 {[%clk 1:32:02]}
9. a3 {[%clk 1:33:09]} Na5 {[%clk 1:25:28]} 10. Ba2 {[%clk 1:33:31]} Be6
{[%clk 1:25:29]} 11. Bxe6 {[%clk 1:33:44]} fxe6 {[%clk 1:25:53]} 12. b4
{[%clk 1:34:07]} Nc6 {[%clk 1:26:07]} 13. Bd2 {[%clk 1:34:30]} Qe8
{[%clk 1:14:37]} 14. Ne2 {[%clk 1:24:46]} Nh5 {[%clk 1:11:23]} 15. Ng3
{[%clk 1:24:36]} Nf4 {[%clk 1:10:50]} 16. c4 {[%clk 1:23:40]} h5 {[%clk 0:56:54]}
17. cxb5 {[%clk 1:21:30]} axb5 {[%clk 0:57:16]} 18. h4 {[%clk 1:14:30]} Nd4
{[%clk 0:53:00]} 19. Nxd4 {[%clk 1:12:03]} exd4 {[%clk 0:53:18]} 20. Bxf4
{[%clk 1:09:16]} Rxf4 {[%clk 0:53:37]} 21. Qc1 {[%clk 1:00:13]} Qf8
{[%clk 0:41:03]} 22. Qxc7 {[%clk 0:53:35]} Bxh4 {[%clk 0:36:52]} 23. Qd7
{[%clk 0:51:47]} Qf6 {[%clk 0:34:16]} 24. Nxh5 {[%clk 0:51:03]} Qf7
{[%clk 0:33:17]} 25. Qc6 {[%clk 0:44:10]} Rf8 {[%clk 0:33:34]} 26. Nxf4
{[%clk 0:44:28]} Qxf4 {[%clk 0:33:58]} 27. Qc2 {[%clk 0:43:57]} Bf6
{[%clk 0:32:42]} 28. Qe2 {[%clk 0:41:52]} Be5 {[%clk 0:32:15]} 29. g3
{[%clk 0:42:14]} Qg5 {[%clk 0:32:00]} 30. Kg2 1-0

[Event "2017 O2C Doeberl Cup"]
[Site "Canberra Australia"]
[Date "2017.04.13"]
[Round "1.6"]
[White "Mallari, Donato"]
[Black "Smirnov, Anton"]
[Result "0-1"]
[LiveChessVersion "1.4.4"]
[BlackElo "2511"]
[WhiteElo "2029"]

1. e4 {[%clk 1:30:57]} c5 {[%clk 1:30:22]} 2. Nf3 {[%clk 1:31:17]} d6
{[%clk 1:30:47]} 3. d4 cxd4 {[%clk 1:31:14]} 4. Nxd4 {[%clk 1:31:59]} Nf6
{[%clk 1:31:38]} 5. Nc3 {[%clk 1:32:22]} a6 {[%clk 1:32:04]} 6. g3
{[%clk 1:31:14]} e5 {[%clk 1:32:00]} 7. Nde2 {[%clk 1:31:17]} b5 {[%clk 1:22:25]}
8. Bg2 {[%clk 1:30:01]} Bb7 {[%clk 1:22:05]} 9. O-O {[%clk 1:27:17]} Nbd7
{[%clk 1:21:00]} 10. Be3 {[%clk 1:20:02]} Be7 {[%clk 1:19:11]} 11. Kh1
{[%clk 1:14:44]} Nb6 {[%clk 1:12:22]} 12. h3 {[%clk 1:12:20]} Rc8
{[%clk 1:07:47]} 13. a3 {[%clk 1:04:49]} O-O {[%clk 1:05:12]} 14. Qd3 Nfd7 15. b3
{[%clk 0:58:40]} Nc5 {[%clk 0:59:29]} 16. Qd2 {[%clk 0:55:26]} f5
{[%clk 0:51:45]} 17. exf5 {[%clk 0:52:20]} Bxg2+ {[%clk 0:52:08]} 18. Kxg2
{[%clk 0:52:40]} d5 {[%clk 0:51:37]} 19. Bxc5 {[%clk 0:52:44]} Bxc5
{[%clk 0:46:10]} 20. g4 {[%clk 0:47:15]} Qd7 {[%clk 0:45:12]} 21. Ra2
{[%clk 0:39:07]} Qc6 {[%clk 0:44:17]} 22. Kg1 {[%clk 0:32:25]} d4
{[%clk 0:43:53]} 23. Nd1 {[%clk 0:32:37]} Rfd8 {[%clk 0:39:51]} 24. Ng3
{[%clk 0:21:26]} Nd5 {[%clk 0:35:25]} 25. Kh2 {[%clk 0:05:38]} Ba7
{[%clk 0:22:44]} 26. h4 {[%clk 0:05:38]} d3 0-1

[Event "2017 O2C Doeberl Cup"]
[Site "Canberra Australia"]
[Date "2017.04.13"]
[Round "1.7"]
[White "Safarian, Alek"]
[Black "Morris, James"]
[Result "0-1"]
[LiveChessVersion "1.4.4"]
[BlackElo "2459"]
[WhiteElo "2020"]

1. d4 {[%clk 1:30:59]} Nf6 {[%clk 1:30:40]} 2. c4 {[%clk 1:31:08]} e6
{[%clk 1:31:01]} 3. Nf3 {[%clk 1:31:28]} b6 {[%clk 1:31:17]} 4. g3
{[%clk 1:31:34]} Ba6 {[%clk 1:31:27]} 5. Qc2 {[%clk 1:31:46]} Bb4+
{[%clk 1:31:28]} 6. Bd2 {[%clk 1:31:55]} Be7 {[%clk 1:31:53]} 7. Bg2
{[%clk 1:31:59]} c6 {[%clk 1:28:28]} 8. O-O {[%clk 1:30:04]} O-O {[%clk 1:28:43]}
9. Re1 {[%clk 1:19:00]} d5 {[%clk 1:28:59]} 10. Ne5 {[%clk 1:16:48]} Nfd7
{[%clk 1:26:16]} 11. Nxd7 {[%clk 0:58:57]} Qxd7 {[%clk 1:25:09]} 12. c5
{[%clk 0:59:00]} bxc5 {[%clk 1:17:12]} 13. dxc5 {[%clk 0:58:20]} f5
{[%clk 1:17:34]} 14. Bf4 {[%clk 0:54:53]} Qb7 {[%clk 1:16:03]} 15. a3
{[%clk 0:53:16]} Nd7 {[%clk 1:14:13]} 16. b4 {[%clk 0:53:12]} e5 {[%clk 1:12:45]}
17. Bc1 {[%clk 0:52:07]} Qc7 {[%clk 1:08:50]} 18. Nd2 {[%clk 0:48:23]} Rad8
{[%clk 0:57:44]} 19. Bb2 {[%clk 0:47:42]} Bc8 {[%clk 0:47:48]} 20. e3
{[%clk 0:43:27]} e4 {[%clk 0:39:42]} 21. Nb3 {[%clk 0:42:23]} Bf6
{[%clk 0:38:57]} 22. Red1 {[%clk 0:37:29]} Ne5 {[%clk 0:35:30]} 23. Bxe5
{[%clk 0:35:54]} Bxe5 {[%clk 0:35:52]} 24. Nd4 {[%clk 0:36:17]} g5
{[%clk 0:35:53]} 25. Qe2 {[%clk 0:29:16]} Rf6 {[%clk 0:34:03]} 26. f4
{[%clk 0:16:25]} exf3 {[%clk 0:34:24]} 27. Qxf3 {[%clk 0:16:45]} f4
{[%clk 0:30:07]} 28. exf4 {[%clk 0:16:00]} gxf4 {[%clk 0:29:03]} 29. g4
{[%clk 0:16:24]} Qg7 {[%clk 0:24:30]} 30. h3 {[%clk 0:15:22]} Rff8
{[%clk 0:16:46]} 31. Qf2 {[%clk 0:13:51]} f3 {[%clk 0:15:05]} 32. Bh1
{[%clk 0:11:10]} Bxg4 {[%clk 0:14:36]} 33. hxg4 {[%clk 0:10:38]} Qxg4+
{[%clk 0:14:54]} 34. Bg2 {[%clk 0:08:11]} Bg3 {[%clk 0:14:09]} 35. Qxf3
{[%clk 0:05:14]} Rxf3 {[%clk 0:14:02]} 36. Bxf3 {[%clk 0:05:43]} Qh3
{[%clk 0:12:51]} 37. Ra2 {[%clk 0:05:57]} Be5 {[%clk 0:12:54]} 38. Rg2+
{[%clk 0:05:04]} Kh8 {[%clk 0:13:16]} 39. Nxc6 {[%clk 0:05:15]} Qxf3
{[%clk 0:13:40]} 40. Re1 {[%clk 0:05:39]} Bg3 {[%clk 0:10:53]} 41. Nxd8
{[%clk 0:04:12]} Bxe1 {[%clk 0:11:16]} 42. c6 {[%clk 0:04:36]} Bg3
{[%clk 0:11:39]} 0-1

[Event "2017 O2C Doeberl Cup"]
[Site "Canberra Australia"]
[Date "2017.04.13"]
[Round "1.8"]
[White "Sukandar, Irine Kharisma"]
[Black "Dutta, Rishi"]
[Result "1-0"]
[LiveChessVersion "1.4.4"]
[BlackElo "2018"]
[WhiteElo "2419"]

1. d4 Nf6 2. Nf3 g6 3. Bf4 Bg7 4. e3 O-O 5. Be2 d6 6. h3 Nbd7 7. O-O b6 8. a4 Bb7
9. a5 a6 10. c4 Ne4 11. Bh2 e5 12. Qc2 f5 13. Rd1 Qe7 14. c5 dxc5 15. Nxe5 Nxe5
16. Bxe5 Bxe5 17. dxe5 Qxe5 18. axb6 f4 19. bxc7 Qxc7 20. Bc4+ Kh8 21. f3 Nf6 22.
e4 Rfd8 23. Nc3 Rxd1+ 24. Rxd1 Rd8 25. Ne2 g5 26. Rxd8+ Qxd8 27. e5 Nd5 28. Qd3
Qd7 29. Bxa6 Bxa6 30. Qxa6 Ne3 31. Qf6+ Qg7 32. Qd8+ Qg8 33. Qd6 Qg6 34. Qf8+ Qg8
35. Qxc5 Kg7 36. Qe7+ Kh6 37. h4 g4 38. Qf6+ 1-0

[Event "2017 O2C Doeberl Cup"]
[Site "Canberra Australia"]
[Date "2017.04.13"]
[Round "2.1"]
[White "Ganguly, Surya Shekhar"]
[Black "Clarke, Brandon G I"]
[Result "1-0"]
[LiveChessVersion "1.4.4"]
[BlackElo "2298"]
[WhiteElo "2640"]

1. e4 {[%clk 1:30:41]} c5 {[%clk 1:30:30]} 2. Nf3 {[%clk 1:31:04]} d6
{[%clk 1:30:40]} 3. d4 {[%clk 1:30:32]} cxd4 {[%clk 1:31:08]} 4. Nxd4
{[%clk 1:30:55]} Nf6 {[%clk 1:31:33]} 5. Nc3 {[%clk 1:31:19]} g6 {[%clk 1:31:59]}
6. Be3 {[%clk 1:31:32]} Bg7 {[%clk 1:32:27]} 7. f3 {[%clk 1:31:53]} Nc6
{[%clk 1:32:54]} 8. Qd2 {[%clk 1:32:16]} O-O {[%clk 1:33:18]} 9. O-O-O
{[%clk 1:32:37]} d5 {[%clk 1:33:39]} 10. Qe1 {[%clk 1:31:55]} e6 {[%clk 1:33:54]}
11. h3 {[%clk 1:31:47]} Qa5 {[%clk 1:25:19]} 12. exd5 {[%clk 1:20:12]} exd5
{[%clk 1:22:07]} 13. Kb1 {[%clk 1:19:27]} Re8 {[%clk 1:19:39]} 14. Qd2
{[%clk 1:17:49]} Ne5 {[%clk 1:11:48]} 15. Nb3 {[%clk 1:16:40]} Qc7
{[%clk 1:10:48]} 16. Bf4 {[%clk 1:16:08]} Qb6 {[%clk 0:54:23]} 17. Re1
{[%clk 1:07:13]} Nc4 {[%clk 0:53:34]} 18. Bxc4 {[%clk 1:05:58]} dxc4
{[%clk 0:48:56]} 19. Nd5 {[%clk 1:06:03]} Qd8 {[%clk 0:45:22]} 20. Nc7
{[%clk 1:02:09]} Be6 {[%clk 0:38:20]} 21. Nxe8 {[%clk 0:49:39]} Qxe8
{[%clk 0:37:18]} 22. Nd4 {[%clk 0:47:51]} Rd8 {[%clk 0:33:53]} 23. c3
{[%clk 0:46:03]} Nd5 {[%clk 0:32:42]} 24. Be5 {[%clk 0:43:00]} Bxe5
{[%clk 0:26:06]} 25. Rxe5 {[%clk 0:43:11]} Bf5+ {[%clk 0:26:28]} 26. Rxf5
{[%clk 0:43:24]} gxf5 {[%clk 0:26:57]} 27. Qg5+ {[%clk 0:40:15]} Kh8
{[%clk 0:27:25]} 28. Nxf5 {[%clk 0:40:32]} Qg8 {[%clk 0:26:50]} 29. Nh6
{[%clk 0:40:11]} 1-0

[Event "2017 O2C Doeberl Cup"]
[Site "Canberra Australia"]
[Date "2017.04.13"]
[Round "2.2"]
[White "Brown, Andrew"]
[Black "Krasenkow, Michal"]
[Result "0-1"]
[LiveChessVersion "1.4.4"]
[BlackElo "2620"]
[WhiteElo "2326"]

1. d4 {[%clk 1:30:55]} g6 {[%clk 1:30:22]} 2. c4 {[%clk 1:30:38]} Bg7
{[%clk 1:30:47]} 3. Nc3 {[%clk 1:30:43]} d6 {[%clk 1:31:12]} 4. e4
{[%clk 1:30:59]} e5 {[%clk 1:31:37]} 5. Nf3 {[%clk 1:28:26]} Bg4 {[%clk 1:31:54]}
6. d5 {[%clk 1:25:26]} Nd7 {[%clk 1:27:53]} 7. Be2 {[%clk 1:04:06]} a5
{[%clk 1:25:59]} 8. O-O {[%clk 1:02:14]} Bxf3 {[%clk 1:22:49]} 9. Bxf3
{[%clk 1:02:33]} h5 {[%clk 1:23:10]} 10. b3 {[%clk 0:59:28]} Bh6 {[%clk 1:18:05]}
11. Bb2 {[%clk 0:53:10]} Ne7 {[%clk 1:09:24]} 12. a3 {[%clk 0:49:47]} O-O
{[%clk 1:09:20]} 13. g3 {[%clk 0:49:08]} f5 {[%clk 1:07:43]} 14. exf5
{[%clk 0:48:15]} Nxf5 15. Ne4 b6 {[%clk 1:04:55]} 16. Bg2 {[%clk 0:33:58]} Nc5
{[%clk 1:04:57]} 17. Qc2 {[%clk 0:32:29]} Qd7 {[%clk 0:58:59]} 18. Rad1
{[%clk 0:19:20]} a4 {[%clk 0:48:52]} 19. b4 {[%clk 0:17:56]} Nb3 {[%clk 0:49:06]}
20. Rd3 {[%clk 0:13:26]} Rae8 21. Nc3 {[%clk 0:02:37]} Re7 {[%clk 0:27:28]} 22.
Be4 {[%clk 0:02:39]} Nfd4 {[%clk 0:19:32]} 23. Qd1 {[%clk 0:02:39]} h4
{[%clk 0:19:57]} 24. Ne2 hxg3 {[%clk 0:15:36]} 25. Rxg3 {[%clk 0:00:48]} Nd2
{[%clk 0:15:43]} 26. Nxd4 {[%clk 0:00:40]} Nxe4 {[%clk 0:14:51]} 27. Nc6
{[%clk 0:00:45]} Rg7 28. Qxa4 Nxg3 {[%clk 0:12:57]} 29. hxg3 {[%clk 0:01:03]} Qh3
{[%clk 0:13:03]} 30. Qc2 {[%clk 0:00:34]} Be3 31. Qe4 Rxf2 {[%clk 0:10:14]} 32.
Rxf2 {[%clk 0:00:37]} Qxg3+ {[%clk 0:10:37]} 33. Qg2 {[%clk 0:00:50]} Bxf2+
{[%clk 0:11:03]} 34. Kf1 {[%clk 0:01:15]} Qd3+ {[%clk 0:11:18]} 35. Kxf2
{[%clk 0:01:26]} Rf7+ 0-1

[Event "2017 O2C Doeberl Cup"]
[Site "Canberra Australia"]
[Date "2017.04.13"]
[Round "2.3"]
[White "Stojic, Dusan"]
[Black "Zhao, Zong-Yuan"]
[Result "1/2-1/2"]
[LiveChessVersion "1.4.4"]
[BlackElo "2539"]
[WhiteElo "2273"]

1. e4 {[%clk 1:30:42]} e5 {[%clk 1:29:29]} 2. Nf3 {[%clk 1:30:50]} Nc6
{[%clk 1:29:54]} 3. Bb5 {[%clk 1:30:54]} a6 {[%clk 1:30:08]} 4. Ba4
{[%clk 1:31:17]} Nf6 {[%clk 1:30:33]} 5. O-O {[%clk 1:31:31]} Be7
{[%clk 1:30:42]} 6. Bxc6 {[%clk 1:30:16]} dxc6 {[%clk 1:31:02]} 7. d3
{[%clk 1:30:35]} Nd7 {[%clk 1:30:31]} 8. Nbd2 {[%clk 1:30:40]} O-O
{[%clk 1:25:58]} 9. Nc4 {[%clk 1:28:39]} f6 {[%clk 1:24:40]} 10. Nh4
{[%clk 1:28:02]} Nc5 {[%clk 1:16:27]} 11. Nf5 {[%clk 1:28:04]} Ne6
{[%clk 1:16:03]} 12. Kh1 {[%clk 1:19:16]} c5 {[%clk 1:15:01]} 13. f4
{[%clk 1:15:07]} exf4 {[%clk 1:11:07]} 14. Qg4 {[%clk 1:04:07]} g6
{[%clk 1:00:11]} 15. Bxf4 {[%clk 1:00:33]} Nxf4 {[%clk 0:59:02]} 16. Nxe7+
{[%clk 0:59:29]} Qxe7 {[%clk 0:59:17]} 17. Qxf4 {[%clk 0:59:54]} Be6
{[%clk 0:58:27]} 18. Ne3 {[%clk 0:53:34]} Qd6 {[%clk 0:50:29]} 19. Rf3
{[%clk 0:37:18]} Qxf4 {[%clk 0:46:44]} 20. Rxf4 {[%clk 0:37:43]} Kf7
{[%clk 0:46:55]} 21. Raf1 {[%clk 0:33:41]} Ke7 {[%clk 0:45:38]} 22. g4
{[%clk 0:31:04]} Rad8 {[%clk 0:33:33]} 23. h4 {[%clk 0:29:06]} b5
{[%clk 0:33:40]} 24. b3 {[%clk 0:24:55]} Rf7 {[%clk 0:30:19]} 25. Kg2
{[%clk 0:22:22]} c6 {[%clk 0:19:24]} 26. Kg3 {[%clk 0:21:56]} h6 {[%clk 0:15:22]}
27. h5 {[%clk 0:17:45]} gxh5 {[%clk 0:14:36]} 28. Nf5+ {[%clk 0:18:00]} Bxf5
{[%clk 0:14:19]} 29. Rxf5 {[%clk 0:18:15]} c4 {[%clk 0:12:34]} 30. dxc4
{[%clk 0:14:31]} hxg4 {[%clk 0:12:09]} 31. cxb5 {[%clk 0:10:31]} cxb5
{[%clk 0:10:27]} 32. e5 {[%clk 0:10:48]} Rdf8 {[%clk 0:08:42]} 33. Re1
{[%clk 0:07:48]} fxe5 {[%clk 0:07:28]} 34. Rfxe5+ {[%clk 0:08:05]} Kd7
{[%clk 0:06:45]} 35. Kxg4 {[%clk 0:06:47]} Rg8+ {[%clk 0:04:42]} 36. Kh5
{[%clk 0:05:55]} Rg2 {[%clk 0:01:32]} 37. R1e2 {[%clk 0:01:22]} Rxe2
{[%clk 0:00:50]} 38. Rxe2 {[%clk 0:01:49]} Rf6 {[%clk 0:01:13]} 39. a4
{[%clk 0:00:35]} bxa4 {[%clk 0:00:53]} 40. bxa4 {[%clk 0:01:03]} Kd6
{[%clk 0:01:09]} 41. Re8 {[%clk 0:23:09]} Kc5 {[%clk 0:30:07]} 42. c3
{[%clk 0:15:51]} Rc6 {[%clk 0:14:23]} 43. Re4 {[%clk 0:13:55]} Kb6
{[%clk 0:14:21]} 44. Re5 {[%clk 0:11:21]} a5 {[%clk 0:07:53]} 45. Rb5+
{[%clk 0:09:36]} Ka6 {[%clk 0:08:21]} 46. Rb3 {[%clk 0:05:14]} Re6
{[%clk 0:04:51]} 47. Rb1 {[%clk 0:02:26]} Re4 {[%clk 0:03:24]} 48. Ra1
{[%clk 0:01:39]} Re3 {[%clk 0:02:15]} 49. Kxh6 {[%clk 0:02:00]} Rxc3
{[%clk 0:02:44]} 50. Kg5 {[%clk 0:02:08]} Rc4 {[%clk 0:02:34]} 51. Kf5
{[%clk 0:02:01]} Kb6 {[%clk 0:02:58]} 52. Rb1+ {[%clk 0:01:30]} Kc6
{[%clk 0:01:37]} 53. Ra1 {[%clk 0:01:10]} Kd5 {[%clk 0:01:52]} 54. Rd1+
{[%clk 0:00:41]} Kc5 {[%clk 0:02:11]} 55. Ra1 {[%clk 0:00:57]} Kb4
{[%clk 0:00:56]} 56. Ke5 {[%clk 0:01:20]} Kc5 {[%clk 0:00:37]} 57. Ke6
{[%clk 0:01:07]} Kd4 {[%clk 0:00:37]} 58. Rd1+ {[%clk 0:00:46]} Ke4
{[%clk 0:00:34]} 59. Rh1 {[%clk 0:00:43]} Kd3 {[%clk 0:00:32]} 60. Kd5
{[%clk 0:00:44]} Rxa4 {[%clk 0:00:38]} 61. Kc5 {[%clk 0:01:04]} Ra2
{[%clk 0:00:35]} 62. Rh3+ {[%clk 0:01:12]} Ke4 {[%clk 0:00:35]} 63. Kb5
{[%clk 0:01:34]} Rb2+ {[%clk 0:00:43]} 1/2-1/2